Rynek pracy i bezrobocie
Na minha lista:
| Outros Autores: | |
|---|---|
| Formato: | Livro |
| Idioma: | polonês |
| Publicado em: |
Lódz
Wydawnictwo Uniwersytetu Lódzkiego
1995
|
| Edição: | 1. wyd. |
| Colecção: | Acta Universitatis Lodziensis
137 |
| Assuntos: | |
| Tags: |
Sem tags, seja o primeiro a adicionar uma tag!
|
MARC
| LEADER | 00000nam a2200000 4500 | ||
|---|---|---|---|
| 001 | c013115 | ||
| 005 | 20221214071739.0 | ||
| 041 | 0 | |a pol | |
| 044 | |a PL | ||
| 245 | 1 | 0 | |a Rynek pracy i bezrobocie |c Red. Halina Mortimer-Szymczak |
| 250 | |a 1. wyd. | ||
| 264 | 1 | |a Lódz |b Wydawnictwo Uniwersytetu Lódzkiego |c 1995 | |
| 300 | |a 130 s. | ||
| 490 | 1 | |a Acta Universitatis Lodziensis |v 137 | |
| 830 | 0 | |a Acta Universitatis Lodziensis |v 137 | |
| 610 | 2 | 0 | |a trh práce |
| 610 | 2 | 0 | |a nezamestnanosť |
| 610 | 2 | 0 | |a zamestnanosť |
| 610 | 2 | 0 | |a reštrukturalizácia |
| 610 | 2 | 0 | |a deľba práce |
| 610 | 2 | 0 | |a ženy |
| 610 | 2 | 0 | |a chudoba |
| 610 | 2 | 0 | |a Nemecko |
| 610 | 2 | 0 | |a Lodž |
| 700 | 1 | |a Mortimer-Szymczak, Halina | |